Loading...
| History - Other History | 1 | 4 | 0 | 0 | 55 | 44 | 82.80 | 0 | 3 |
| Mythology | 2 | 2 | 1 | 1 | 45 | 58 | 88.50 | 2 | 4 |
| History - World History | 1 | 2 | 1 | 1 | 30 | 47 | 68.67 | 1 | 3 |
| Fine Arts - Visual Fine Arts | 0 | 3 | 0 | 0 | 30 | 85 | 92.67 | 0 | 2 |
| Fine Arts - Other Fine Arts | 1 | 2 | 1 | 0 | 30 | 55 | 89.67 | 1 | 1 |
| Literature - European Literature | 0 | 3 | 0 | 0 | 30 | 94 | 121.33 | 0 | 2 |
| Religion | 1 | 2 | 1 | 0 | 30 | 57 | 89.67 | 1 | 3 |
| Science - Biology | 0 | 2 | 0 | 0 | 20 | 86 | 103.00 | 1 | 1 |
| History - American History | 0 | 2 | 0 | 1 | 20 | 107 | 111.00 | 1 | 1 |
| Literature - World Literature | 0 | 2 | 0 | 0 | 20 | 85 | 93.50 | 1 | 1 |
| Science - Chemistry | 0 | 2 | 1 | 0 | 15 | 109 | 122.00 | 0 | 2 |
| Pop Culture | 1 | 0 | 0 | 0 | 15 | 18 | 18.00 | 1 | 1 |
| Literature - American Literature | 0 | 2 | 1 | 0 | 15 | 118 | 125.50 | 0 | 0 |
| Fine Arts - Auditory Fine Arts | 0 | 1 | 0 | 0 | 10 | 78 | 78.00 | 1 | 1 |
| Geography | 0 | 1 | 0 | 0 | 10 | 74 | 74.00 | 0 | 1 |
| Literature - British Literature | 0 | 1 | 0 | 0 | 10 | 118 | 118.00 | 0 | 1 |
| Science - Other Science | 0 | 1 | 0 | 0 | 10 | 105 | 105.00 | 0 | 0 |
| Social Science | 0 | 1 | 1 | 0 | 5 | 115 | 115.00 | 0 | 1 |
| History - European History | 1 | 0 | 3 | 0 | 0 | 39 | 39.00 | 1 | 1 |